Tourism and gender embodiment, sensuality and experience /

Bibliographic Details
Corporate Author: ProQuest (Firm)
Other Authors: Pritchard, Annette.
Format: Electronic eBook
Language:English
Published: Wallingford, UK ; Cambridge, MA : CABI, c2007.
Subjects:
Online Access:Click to View
LEADER 01507nam a2200409 a 4500
001 EBC312879
003 MiAaPQ
005 20200520144314.0
006 m o d |
007 cr cn|||||||||
008 070207s2007 enkab sb 001 0 eng
010 |z  2007004442 
015 |a GBA743759  |2 bnb 
016 7 |z 013762031  |2 Uk 
020 |z 9781845932718 (alk. paper) 
020 |z 1845932714 (alk. paper) 
035 |a (MiAaPQ)EBC312879 
035 |a (Au-PeEL)EBL312879 
035 |a (CaPaEBR)ebr10188914 
035 |a (CaONFJC)MIL95305 
035 |a (OCoLC)463251619 
040 |a MiAaPQ  |c MiAaPQ  |d MiAaPQ 
050 4 |a G155.A1  |b T5893482 2007 
082 0 4 |a 306.4/819  |2 22 
245 0 0 |a Tourism and gender  |h [electronic resource] :  |b embodiment, sensuality and experience /  |c edited by Annette Pritchard ... [et al.]. 
260 |a Wallingford, UK ;  |a Cambridge, MA :  |b CABI,  |c c2007. 
300 |a xviii, 318 p. :  |b ill., maps. 
504 |a Includes bibliographical references and index. 
533 |a Electronic reproduction. Ann Arbor, MI : ProQuest, 2015. Available via World Wide Web. Access may be limited to ProQuest affiliated libraries. 
650 0 |a Tourism  |x Psychological aspects. 
650 0 |a Tourists  |x Sexual behavior. 
650 0 |a Tourists  |x Attitudes. 
650 0 |a Gender identity. 
655 4 |a Electronic books. 
700 1 |a Pritchard, Annette. 
710 2 |a ProQuest (Firm) 
856 4 0 |u https://ebookcentral.proquest.com/lib/matrademy/detail.action?docID=312879  |z Click to View